| 000 | 00497nam a22001697a 4500 | ||
|---|---|---|---|
| 008 | 230322b |||||||| |||| 00| 0 eng d | ||
| 020 | _a0029499909 | ||
| 040 |
_aNational Science Library _cNational Science Library |
||
| 080 |
_aD 681.3:658 _bM5 |
||
| 100 | _aGraff, Martin | ||
| 245 | _aOrganization and management of a computer center | ||
| 260 |
_aLondon: _bMacmillan Publishing Company, _c1985 |
||
| 300 | _a396p. | ||
| 650 | _aComputer | ||
| 700 | _aGreiller, Reinald | ||
| 942 |
_2udc _cBK |
||
| 999 |
_c12138 _d12138 |
||